La Playa de Belén
Uloženo v:
| Hlavní autoři: | , , , |
|---|---|
| Médium: | Kniha |
| Jazyk: | španělština |
| Vydáno: |
Bogotá
Letrarte Editores Ltda.
2012
|
| Edice: | Pueblos
|
| Témata: | |
| Tagy: |
Přidat tag
Žádné tagy, Buďte první, kdo vytvoří štítek k tomuto záznamu!
|
MARC
| LEADER | 00000cam a2200000 a 4500 | ||
|---|---|---|---|
| 001 | UCF7748 | ||
| 003 | CL-VaPUC | ||
| 008 | 130704e20121000CK |||||||||||||||||spa|d | ||
| 020 | |a 9789588788005 | ||
| 082 | 0 | 4 | |a 779.986124 |b REY |2 21 |
| 100 | 0 | |a Reyna, María Soledad |e author |9 569837 | |
| 700 | 0 | |a Páez García, Luis Eduardo |e author |9 569838 | |
| 700 | 0 | |a Pérez Arévalo, Guido |e author |9 569839 | |
| 700 | 0 | |a Castañeda Buraglia, Antonio |e author |9 569840 | |
| 245 | 1 | 3 | |a La Playa de Belén |
| 300 | |a pág. irreg | ||
| 942 | |c BK | ||
| 945 | |d 20130704 00:00:00 |a dcastane | ||
| 260 | |a Bogotá |b Letrarte Editores Ltda. |c 2012 | ||
| 650 | 0 | |a Fotografía artística |9 269391 | |
| 650 | 0 | |a Historia de ciudades |9 445863 | |
| 651 | 0 | |a Colombia |9 256424 | |
| 583 | |a last modification |c 20130704 11:43:00 |k Rodrigo Vera | ||
| 490 | 0 | |a Pueblos | |
| 999 | |c 352535 |d 352533 | ||
| 952 | |0 0 |1 0 |4 0 |6 779_986124000000000_REY_2012 |7 0 |8 P |9 457095 |a BIBARQ |b BIBARQ |d 2019-11-22 |i 4987241 |o 779.986124 REY 2012 |p 4987241 |r 2025-01-20 |w 2019-11-22 |y BK |k ARQ | ||